| 000 | 01197nam a2200349 i 4500 | ||
|---|---|---|---|
| 001 | 39188 | ||
| 003 | KOSZ 005 | ||
| 005 | 20240405063126.0 | ||
| 008 | 001212s2000 pl f |000 0 pol d | ||
| 020 | _a8387832227 | ||
| 040 |
_cKOSZ 005 _aKOSZ 005 _dKOSZ 005/HR |
||
| 046 | _k2000 | ||
| 080 | _a327.5(4:73)"1989/..." | ||
| 080 | _a(06) | ||
| 245 | 0 | 0 |
_aUdział USA w systemie bezpieczeństwa europejskiego / _cpod red. Erharda Cziomera ; [Instytut Studiów Strategicznych , tł. Agata Marcinkowska]. |
| 260 |
_aKraków : _b"Meritum", _c2000. |
||
| 300 |
_a125 s. ; _c21 cm. |
||
| 380 | _aKsiążki | ||
| 388 | _a1901-2000 | ||
| 388 | _a1989-2000 | ||
| 648 | _a1901-2000 | ||
| 648 | _a1945-1989 | ||
| 650 | 4 | _aBezpieczeństwo międzynarodowe | |
| 651 | 7 | _aEuropa | |
| 651 | 7 | _aStany Zjednoczone (USA) | |
| 655 | 4 | _aMateriały konferencyjne | |
| 658 | _aBezpieczeństwo i wojskowość | ||
| 658 | _aPolityka, politologia, administracja publiczna | ||
| 700 | 1 |
_aCziomer, Erhard _d(1940-2020) _eRedakcja |
|
| 856 |
_uhttp://koha.tu.koszalin.pl/cgi-bin/koha/opac-detail.pl?biblionumber=39188 _yKatalog online BPK |
||
| 942 |
_cKS _2UKD |
||
| 999 |
_c39188 _d39188 |
||